| 000 | 00887nam a2200277Ia 4500 | ||
|---|---|---|---|
| 003 | OSt | ||
| 005 | 20220918171208.0 | ||
| 006 | a|||||r|||| 00| 0 | ||
| 007 | ta | ||
| 008 | 220917b |||||||| |||| 00| 0 eng d | ||
| 020 |
_a9781405191869 (hbk) _c10611.34 |
||
| 024 | _a258,212 | ||
| 037 |
_b6372, 22/12/2011, Efficient Book Distributors _cTextual |
||
| 040 |
_aARTS _cARTS _beng |
||
| 041 |
_2eng _aeng |
||
| 082 | _aP:(Y), Q2 | ||
| 100 |
_aDuranti Alessandro Ed. _934676 |
||
| 245 | 0 | _aHandbook of language socialization | |
| 260 |
_aMalden _bWiley Blackwell _c2012 |
||
| 300 |
_axv,660p. _ccm. |
||
| 490 | _aBlackwell handbook in linguistics | ||
| 650 | _aLINGUISTICS | ||
| 700 |
_a Ochs Elinor Ed. _934677 |
||
| 942 |
_hP:(Y), Q2 _cTEXL _2CC |
||
| 999 |
_c138259 _d138259 |
||